1230 1487 1042 1991 1614 1837 1291 1441 1626 1604 1845 1338 1330 1596 1340 1085 1630 1184 1159 1382 1517 1943 1816 1916 1614 1148 1093 1412 1014 1093 1745 1927 1751 1047 1286 1683 1650 1611 1009 1907 1047 1081 1541 1564 1502 1911 1837 1622 1948 1497 1100 1036 1806 1215 1175 1437 1177 1363 1012 1273 1584 1761 1021 1007 1051 1203 1685 1903 1889 1304 1240 1286 1259 1136 1576 1785 1594 1581 1928 1585 1092 1131 1029 1267 1152 1982 1311 1811 1917 1843 1357 1653 1173 1566 1822 1080 1941 1692 1246 BCNSPRNW ULIB Ver.6.0+V

เปลี่ยนเป็นภาษาไทย

Change to English
 แสดงรายละเอียดบรรณานุกรม
  กลับหน้าหลัก

Brief Record : Get Marc (ISO 2709) : E-mail record : QR code < ปิดหน้าต่าง
LEADER : 00000nam 2200000uu 4500
001    13399127048
003     ULIB
008    020711s2562 th a 000 0 tha d
020    ^a9786168237038
060    ^aWS103^bส943ห
100    ^aเสาวภา พรจินดารักษ์
245    ^aหมีน้อยกินเองเก่งจัง ชุดหมีน้อย...เก่งจัง (LI ITTLE BEAR LOVES TO EAT!)
250    ^aพิมพ์ครั้งที่ 1
260    ^aกรุงเทพฯ :^bสำนักพิมพ์ Happy Parenting,^c2562
300    ^a24 หน้า;^b21 ซม.
650    ^aเด็ก^xการเรียนการสอน
945    ^p135^l0^i006236
999    ^aประนอม เกษจรัล
รายการนี้ยังไม่มีแท็ก
คุณยังไม่ได้ล็อกอิน คุณสามารถมีกิจกรรมร่วมกับเว็บไซต์ได้ แต่ต้องล็อกอินก่อน ::
  ล็อกอิน

รายการสื่อสารสนเทศ

ลำดับที่ ประเภท เลขเรียก/บาร์โค้ด สถานที่ สถานะ
1. วิทยาศาสตร์การแพทย์ และสุขภาพ
วิทยาศาสตร์การแพทย์ และสุขภาพ
WS103 ส943ห ฉ.1 
  Barcode: 006236
ห้องสมุดวิทยาเขตสวรรค์ประชารักษ์
►หนังสือทั่วไป
บนชั้น

รายการใกล้เคียง
    ผู้แต่ง [เสาวภา พรจินดารักษ์]

BibComment


ยังไม่เคยถูกคอมเมนท์

คอมเมนท์ทรัพยากรรายการนี้
  คอมเมนท์: หมีน้อยกินเองเก่..


 Copyright 2026. Bcnsprnw @Library